banner koha

Os cães nunca deixam de amar = The Dog Lived (and so will i) (Registro n. 4969)

MARC details
000 -LÍDER
Campo de controle fixo 00775nam a22002777a 4500
001 - NÚMERO DE CONTROLE
Número de controle BS2023000033
003 - CÓDIGO MARC DA AGÊNCIA CATALOGADORA
Campo de controle BR-BrBNA
005 - DATA E HORA DA ÚLTIMA ATUALIZAÇÃO
Campo de controle 20230330102529.0
008 - CAMPO DE TAMANHO FIXO
Campo fixo de controle 230328b2013 bl.||||| |||| 00| 0 por d
020 ## - ISBN - INTERNATIONAL STANDARD BOOK NUMBER
ISBN 978-85-7930-536-8
040 ## - FONTE DA CATALOGAÇÃO
Agência catalogadora BR-BrBNA
Idioma da catalogação por.
041 ## - CÓDIGO DO IDIOMA
Código do Idioma por.
072 ## - CATEGORIA DE CLASSIFICAÇÃO
Código da categoria de assunto S85
100 ## - ENTRADA PRINCIPAL - NOME PESSOAL
Nome pessoal Rhyne, Teresa J.
100 ## - ENTRADA PRINCIPAL - NOME PESSOAL
Código de relação Trad.
Nome pessoal Fortin, Mayara
245 ## - TÍTULO PRINCIPAL
Título principal Os cães nunca deixam de amar = The Dog Lived (and so will i)
Indicação de responsabilidade Teresa J. Rhyne; Mayara Fortin
260 ## - IMPRENTA (PUBLICAÇÃO, DISTRIBUIÇÃO, ETC.)
Lugar de publicação, distribuição, etc. São Paulo - SP :
Nome do editor, distribuidor, etc. Universo dos livros,
Data de publicação, distribuição, etc 2013
300 ## - DESCRIÇÃO FÍSICA
Extensão 312 p.
650 ## - ASSUNTO
Cabeçalho tópico ou nome geográfico PACIENTES
650 ## - ASSUNTO
Cabeçalho tópico ou nome geográfico CÂNCER
650 ## - ASSUNTO
Cabeçalho tópico ou nome geográfico ANIMAIS DE ESTIMAÇÃO
650 ## - ASSUNTO
Cabeçalho tópico ou nome geográfico RELAÇÃO HOMEM - ANIMAL
909 ## - IDENTIFICAÇÃO DO CATALOGADOR
Ano e mês da catalogação (aaaamm) 202303
Identificação do catalogador Maria Neves
909 ## - IDENTIFICAÇÃO DO CATALOGADOR
-- 62
-- Maria Neves
942 ## - TIPO ESPECÍFICO
Tipo de material Livros
Exemplares
Status de empréstimo Fonte de classificação Status de danificação Não pode ser emprestado Código da coleção Localização permanente Localização atual Localização na estante Total Checkouts Número de chamada Código de barras Date last seen Tipo de material Perdido Data de aquisição Fonte de aquisição Qualificador de localização codificada Preço Número de inventário Preço para reposição Preço efetivo a partir de
  Classificação AGRIS     Acervo Cultural Biblioteca Nacional de Agricultura - Binagri Biblioteca Nacional de Agricultura - Binagri Acervo Cultural   S85 BS2023000033 2023-435458 28/03/2023 Livros   2023-03-28            

BINAGRI

Telefone: (61)3218-2567/2388/3357/2097 - binagri@agro.gov.br

Ministério da Agricultura e Pecuária , Esplanada dos Ministérios, Bloco D, Anexo B, Brasília/DF, CEP: 70.043-900